| 000 | 00541nam a2200181 a 4500 | ||
|---|---|---|---|
| 001 | 000021927 | ||
| 005 | 20200930011515.0 | ||
| 008 | 100914s1998 mx r 000 0 spa d | ||
| 020 | _a84594941 | ||
| 040 |
_aDO-SdBNP _bspa _cBNPHU |
||
| 082 |
_axxxx _bV393y |
||
| 100 | 1 |
_aVázquez Montalbán, Manuel _945507 |
|
| 245 | 1 | 0 |
_aY Dios entró en la Habana / _cManuel Vázquez Montalbán. |
| 260 |
_aMadrid : _bAguilar, _c1998. |
||
| 300 |
_a713 p. ; _c24 cm. |
||
| 500 | _aIncluye referencia biográfica del autor en la solapa. | ||
| 049 | _aBNGR | ||
| 999 |
_c21425 _d21425 |
||